[Event "13th EICC"]
[Site "Plovdiv BUL"]
[Date "2012.03.27"]
[Round "7.123"]
[White "Dimitrov, Atanas"]
[Black "Sharafiev, Azat"]
[Result "0-1"]
[WhiteTitle "IM"]
[BlackTitle "IM"]
[WhiteElo "2318"]
[BlackElo "2433"]
[WhiteFideId "2901315"]
[BlackFideId "4186214"]
[EventDate "2012.03.20"]
[EventType "swiss"]

1. d4 Nf6 2. c4 c5 3. Nf3 cxd4 4. Nxd4 e5 5. Nc2 d5 6. cxd5 Qxd5 7. Qxd5 Nxd5 8.
e4 Nb4 9. Nxb4 Bxb4+ 10. Bd2 Bxd2+ 11. Nxd2 Nc6 12. Bb5 Bd7 13. Bxc6 Bxc6 14. f3
O-O-O 15. O-O-O Ba4 16. b3 Bb5 17. Nb1 Kc7 18. Nc3 Bc6 19. Rxd8 Rxd8 20. Rd1
Rxd1+ 21. Kxd1 Kd6 22. b4 g6 23. Kd2 f5 24. g3 fxe4 25. fxe4 Ke6 26. h4 Kf6 27.
Ke3 g5 28. hxg5+ Kxg5 29. Kf3 Be8 30. a3 Bh5+ 31. Kf2 Be8 32. Kf3 h6 33. Nd5 Ba4
34. Nc3 Bc6 35. Nd1 h5 36. Nc3 a6 37. Nd1 Ba4 38. Nc3 Bb3 39. Kf2 Kg4 40. Kg2
Bc2 41. Kf2 Bd3 42. Kg2 Bc2 43. Kf2 Bd3 44. Kg2 b5 45. Kf2 Kh3 46. Kf3 Bf1 47.
Kf2 Bg2 48. a4 a5 49. axb5 axb4 50. Nd5 b3 51. Nc3 b2 52. Ke3 Bf1 53. b6 Ba6 54.
Kf3 Bb7 55. Nb1 Bc8 56. Nd2 Kh2 57. Kf2 Kh1 58. Ke3 Ba6 59. Kf3 Kg1 60. Nb1 Bb7
61. Nd2 Bc8 62. Ke3 Kg2 63. Kd3 Kxg3 64. Kc2 h4 65. Kxb2 h3 66. Nf1+ Kg2 67.
Ne3+ Kg1 68. Ng4 h2 69. Nxh2 Kxh2 70. Kc3 Kg3 0-1

[Event "13th EICC"]
[Site "Plovdiv BUL"]
[Date "2012.03.27"]
[Round "7.125"]
[White "Indjic, Aleksandar"]
[Black "Aharon, Ofir"]
[Result "1-0"]
[BlackTitle "FM"]
[WhiteElo "2430"]
[BlackElo "2288"]
[WhiteFideId "911925"]
[BlackFideId "2800683"]
[EventDate "2012.03.20"]
[EventType "swiss"]

1. d4 d6 2. Nf3 g6 3. c4 Bg7 4. Nc3 Bg4 5. g3 Bxf3 6. exf3 e6 7. Bg2 Ne7 8. f4
c6 9. O-O O-O 10. d5 exd5 11. cxd5 c5 12. Qd3 Na6 13. Rb1 Rb8 14. a3 Qa5 15. Nb5
Nf5 16. Bh3 Nd4 17. Nxd4 cxd4 18. b4 Qb6 19. f5 Nc7 20. Qf3 Be5 21. Bh6 Nb5 22.
Bxf8 Rxf8 23. fxg6 hxg6 24. Qd3 Nc3 25. Rbc1 a5 26. Qc4 Ra8 27. Rfe1 axb4 28.
axb4 Qa6 29. Qxa6 Rxa6 30. Bf1 Ra2 31. Ra1 Rb2 32. Rxe5 dxe5 33. d6 1-0

[Event "13th EICC"]
[Site "Plovdiv BUL"]
[Date "2012.03.27"]
[Round "7.126"]
[White "Zueger, Beat"]
[Black "Kourousis, Epaminondas"]
[Result "0-1"]
[WhiteTitle "IM"]
[WhiteElo "2425"]
[BlackElo "2284"]
[WhiteFideId "1300067"]
[BlackFideId "4211626"]
[EventDate "2012.03.20"]
[EventType "swiss"]

1. Nf3 Nf6 2. g3 b5 3. Bg2 Bb7 4. O-O e6 5. d3 c5 6. e4 d6 7. a4 a6 8. e5 dxe5
9. Nxe5 Bxg2 10. Kxg2 Qd5+ 11. Nf3 b4 12. Nd2 Nc6 13. Nc4 Rd8 14. Nb6 Qh5 15. b3
Nd5 16. Nxd5 Qxd5 17. Bb2 Rg8 18. Qe2 g5 19. Qe4 g4 20. Qxd5 Rxd5 21. Nd2 Bg7
22. Bxg7 Rxg7 23. f3 Nd4 24. Rac1 h5 25. Rf2 Ke7 26. f4 h4 27. Nf1 Rh5 28. c3
bxc3 29. Rxc3 a5 30. gxh4 Rgh7 31. Kh1 Kd6 32. Nd2 f5 33. Nc4+ Kc6 34. Nxa5+ Kd5
35. Nc4 Rxh4 36. Ne3+ Kd6 37. Nf1 Rh3 38. Rg2 Rf3 39. Nd2 Rxf4 40. Kg1 Rh3 41.
a5 Kd5 42. a6 Rh7 43. Rc4 e5 44. Ra4 Nc6 45. Nc4 Ra7 46. Rga2 Nb4 47. Re2 Nxd3
48. Re3 Rd4 49. Nb6+ Kc6 50. Nc8 Rc7 51. Rxd4 cxd4 52. Rxd3 Rxc8 0-1

[Event "13th EICC"]
[Site "Plovdiv BUL"]
[Date "2012.03.27"]
[Round "7.128"]
[White "Ledger, Andrew J"]
[Black "Gaehwiler, Gabriel"]
[Result "1-0"]
[WhiteTitle "IM"]
[WhiteElo "2424"]
[BlackElo "2260"]
[WhiteFideId "400610"]
[BlackFideId "1314530"]
[EventDate "2012.03.20"]
[EventType "swiss"]

1. c4 Nf6 2. g3 g6 3. Bg2 Bg7 4. Nc3 O-O 5. e4 d6 6. Nge2 c5 7. O-O Nc6 8. d3
Rb8 9. h3 a6 10. a4 Ne8 11. Be3 Nc7 12. d4 cxd4 13. Nxd4 Ne6 14. Nde2 Nc5 15. f4
Na5 16. b4 Nxc4 17. Bf2 Nd7 18. Qd3 b5 19. axb5 axb5 20. Nd4 Nc5 21. Qc2 Bxd4
22. Bxd4 e5 23. fxe5 Ne6 24. Ba7 Rb7 25. exd6 Qxd6 26. Qf2 Qxb4 27. Nd5 Qb2 28.
Qxb2 Nxb2 29. e5 Kg7 30. Nf6 Rc7 31. Bb8 Rc2 32. Bd6 Rd8 33. Ra7 Nc4 34. Be4 Rd2
35. Bc6 Ng5 36. Ne4 Nxh3+ 37. Kh1 Be6 38. Nxd2 Nxd6 39. exd6 Rxd6 40. Bg2 Rxd2
41. Bxh3 Bd5+ 42. Kg1 Rd3 43. Kh2 Rd2+ 44. Kg1 Rd3 45. Rf2 Rxg3+ 46. Kh2 Re3 47.
Bg2 Bc4 48. Bf1 Be6 49. Bxb5 Kh6 50. Be8 f5 1-0

[Event "13th EICC"]
[Site "Plovdiv BUL"]
[Date "2012.03.27"]
[Round "7.129"]
[White "Baltag, Iulian"]
[Black "Vlashki, Nino"]
[Result "1-0"]
[WhiteTitle "IM"]
[WhiteElo "2420"]
[BlackElo "2258"]
[WhiteFideId "13901419"]
[BlackFideId "2908743"]
[EventDate "2012.03.20"]
[EventType "swiss"]

1. e4 e6 2. Qe2 Be7 3. Nf3 d5 4. d3 Nf6 5. g3 b5 6. Bg2 dxe4 7. dxe4 b4 8. Nbd2
Ba6 9. Nc4 O-O 10. e5 Nd5 11. Qe4 Nd7 12. h4 Nc5 13. Qd4 Bxc4 14. Qxc4 Nb6 15.
Qg4 Qd5 16. O-O Qc4 17. Qxc4 Nxc4 18. b3 Na5 19. a3 Ncb7 20. Nd4 bxa3 21. Bd2
Rad8 22. Bc3 a6 23. Bxb7 Nxb7 24. Nc6 Rde8 25. Rfd1 Bc5 26. Bd4 Bxd4 27. Rxd4 f6
28. Rxa3 fxe5 29. Nxe5 a5 30. Rd7 Rd8 31. Rxc7 Rd1+ 32. Kg2 Nd6 33. Rxa5 Ne4 34.
Nd3 Nxf2 35. Raa7 Kh8 36. Rf7 1-0

[Event "13th EICC"]
[Site "Plovdiv BUL"]
[Date "2012.03.27"]
[Round "7.130"]
[White "Ali Marandi, Cemil Can"]
[Black "Diermair, Andreas"]
[Result "1-0"]
[WhiteTitle "FM"]
[BlackTitle "IM"]
[WhiteElo "2315"]
[BlackElo "2416"]
[WhiteFideId "6300529"]
[BlackFideId "1612468"]
[EventDate "2012.03.20"]
[EventType "swiss"]

1. e4 e5 2. Nf3 Nc6 3. Bb5 a6 4. Ba4 Nf6 5. O-O Be7 6. Re1 b5 7. Bb3 d6 8. c3
O-O 9. h3 Nb8 10. d4 Nbd7 11. Nbd2 Bb7 12. Bc2 Re8 13. Nf1 Bf8 14. Ng3 g6 15.
Bg5 h6 16. Bd2 Bg7 17. a4 Nb6 18. b3 bxa4 19. bxa4 a5 20. Bd3 Qd7 21. d5 Ba6 22.
Bxa6 Rxa6 23. c4 Raa8 24. Qc2 Qe7 25. Reb1 Nfd7 26. Rb5 h5 27. Bxa5 h4 28. Nf1
f5 29. N1d2 Rf8 30. Bb4 fxe4 31. Nxe4 Rf4 32. Bd2 Rf5 33. Bg5 Bf6 34. Nxf6+ Nxf6
35. Qc1 Qf7 36. Nxh4 Rxf2 37. Qe3 Rc2 38. Rf1 Nbd7 39. Qb3 Re2 40. Rb7 Rc8 41.
c5 Qg7 42. c6 1-0

[Event "13th EICC"]
[Site "Plovdiv BUL"]
[Date "2012.03.27"]
[Round "7.133"]
[White "Ovod, Evgenija"]
[Black "Xylogiannopoulos, Antonios"]
[Result "1-0"]
[WhiteTitle "IM"]
[WhiteElo "2408"]
[BlackElo "2104"]
[WhiteFideId "4131827"]
[BlackFideId "4215133"]
[EventDate "2012.03.20"]
[EventType "swiss"]

1. e4 e5 2. Nf3 Nc6 3. Bc4 Bc5 4. c3 Nf6 5. d3 d6 6. Nbd2 a6 7. Bb3 Ba7 8. Nf1
d5 9. Qe2 dxe4 10. dxe4 Ng4 11. Bg5 Qd6 12. Bh4 Qg6 13. Bg3 O-O 14. Nh4 Qg5 15.
f3 Ne3 16. Nxe3 Bxe3 17. Rd1 Be6 18. Rd3 Bb6 19. Qd2 Qxd2+ 20. Kxd2 Rad8 21. Nf5
Bxb3 22. axb3 f6 23. b4 Rxd3+ 24. Kxd3 Rd8+ 25. Ke2 Kf7 26. Ne3 Bxe3 27. Kxe3 a5
28. b5 Na7 29. c4 Rd4 30. Rc1 Nc8 31. Ke2 b6 32. Bf2 Rd7 33. c5 bxc5 34. Bxc5
Nd6 35. Bxd6 cxd6 36. Ra1 Ra7 37. Ra4 Rb7 38. Rxa5 Ke6 39. Kd3 d5 40. Ra6+ Kf7
41. exd5 Rxb5 42. Ra7+ Kg6 43. d6 Rd5+ 44. Kc3 Rxd6 45. b4 Rd1 46. b5 Rb1 47.
Kc4 Rb2 48. Ra4 Rxg2 49. b6 Rc2+ 50. Kb5 Rc8 51. b7 Rb8 52. Kc6 1-0

[Event "13th EICC"]
[Site "Plovdiv BUL"]
[Date "2012.03.27"]
[Round "7.134"]
[White "Mogilarov, Dimitar"]
[Black "Kabanov, Nikolai"]
[Result "0-1"]
[BlackTitle "GM"]
[WhiteElo "2147"]
[BlackElo "2502"]
[WhiteFideId "2905248"]
[BlackFideId "4127820"]
[EventDate "2012.03.20"]
[EventType "swiss"]

1. e4 g6 2. d4 Bg7 3. Nc3 c6 4. Bc4 b5 5. Bb3 b4 6. Nce2 d5 7. exd5 cxd5 8. a3
bxa3 9. Rxa3 Nf6 10. Nf3 O-O 11. Ne5 Qb6 12. Nf4 e6 13. Be3 Nc6 14. Nxc6 Qxc6
15. O-O Ba6 16. Re1 Bc4 17. c3 Rfb8 18. Ba4 Qb6 19. b3 Bf8 20. b4 a5 21. Bb3
Bxb3 22. Rxb3 axb4 23. cxb4 Ra4 24. Nd3 Qb5 25. Qc2 Ne4 26. Reb1 Rba8 27. Nc5
Ra2 28. Qd3 Nd6 29. Qxb5 Nxb5 30. h3 Bg7 31. Rd3 Ra1 32. Rxa1 Rxa1+ 33. Kh2 Rb1
34. Nb3 Bf8 35. Bd2 Rd1 36. Rf3 Nxd4 37. Nxd4 Rxd2 38. Nb3 Ra2 39. b5 Ra4 40.
Nc1 Rc4 41. Nd3 Rc3 42. b6 Bd6+ 43. g3 Rc6 44. b7 Rb6 0-1

[Event "13th EICC"]
[Site "Plovdiv BUL"]
[Date "2012.03.27"]
[Round "7.136"]
[White "Cherednichenko, Svetlana"]
[Black "Nigalidze, Gaioz"]
[Result "1/2-1/2"]
[WhiteTitle "WGM"]
[BlackTitle "IM"]
[WhiteElo "2279"]
[BlackElo "2472"]
[WhiteFideId "14105551"]
[BlackFideId "13603078"]
[EventDate "2012.03.20"]
[EventType "swiss"]

1. d4 Nf6 2. c4 c5 3. d5 d6 4. Nc3 e6 5. e4 exd5 6. cxd5 g6 7. h3 Bg7 8. Nf3 a6
9. a4 O-O 10. Bd3 Nbd7 11. O-O Re8 12. Re1 Nh5 13. Bg5 Bf6 14. Be3 Ne5 15. Be2
Nxf3+ 16. Bxf3 Ng7 17. g4 Rb8 18. Bg2 g5 19. f4 gxf4 20. Bxf4 Be5 21. Qd2 b5 22.
axb5 axb5 23. Bxe5 Rxe5 24. Rf1 Qe7 25. Qf4 h5 26. Nd1 hxg4 27. hxg4 Rb7 28. Ra8
Rc7 29. Ne3 Rg5 30. Rf3 Re5 31. Nf5 Nxf5 32. gxf5 Qf6 33. Rh3 Kg7 34. Rg3+ Kf8
35. Rh3 Kg7 36. Rg3+ Kf8 37. Rh3 Kg7 1/2-1/2

[Event "13th EICC"]
[Site "Plovdiv BUL"]
[Date "2012.03.27"]
[Round "7.138"]
[White "Chudinovskikh, Alexander M"]
[Black "Bukal, Vladimir Jr."]
[Result "1/2-1/2"]
[WhiteTitle "IM"]
[BlackTitle "IM"]
[WhiteElo "2278"]
[BlackElo "2441"]
[WhiteFideId "4106083"]
[BlackFideId "14502941"]
[EventDate "2012.03.20"]
[EventType "swiss"]

1. Nf3 d5 2. d4 e6 3. Bf4 Nf6 4. e3 c5 5. Nbd2 Nc6 6. c3 Bd6 7. dxc5 Bxc5 8. Bd3
h6 9. h3 a6 10. Qe2 O-O 11. O-O Nh5 12. Bh2 f5 13. c4 Nf6 14. a3 Ba7 15. Rad1
Bd7 16. cxd5 exd5 17. Ne5 Nxe5 18. Bxe5 Ne4 19. Nf3 Qe7 20. Bd4 Bb8 21. g3 f4
22. exf4 Bxh3 23. Rfe1 Bg4 24. Qe3 g5 25. Bxe4 dxe4 26. Bc5 gxf4 27. gxf4 Qf7
28. Qxe4 Bxf4 29. Ne5 Qh5 30. Nxg4 Qxg4+ 31. Qg2 Qxg2+ 32. Kxg2 Rf5 33. b4 Rf7
34. Re6 Kh7 35. Kf1 Rg8 36. Rd3 Rg6 37. Re8 Rg8 38. Re4 Rg6 39. Rd8 Rg8 40. Rd3
Rg6 41. Rd8 1/2-1/2

[Event "13th EICC"]
[Site "Plovdiv BUL"]
[Date "2012.03.27"]
[Round "7.139"]
[White "Poetsch, Hagen"]
[Black "Kjurkchiiski, Georgi"]
[Result "0-1"]
[WhiteTitle "IM"]
[WhiteElo "2432"]
[BlackElo "2266"]
[WhiteFideId "24615137"]
[BlackFideId "2901153"]
[EventDate "2012.03.20"]
[EventType "swiss"]

1. e4 c5 2. Nf3 d6 3. d4 cxd4 4. Nxd4 Nf6 5. Nc3 g6 6. Be3 Bg7 7. f3 Nc6 8. Qd2
O-O 9. Bc4 Bd7 10. h4 Ne5 11. Bb3 h5 12. O-O-O Rc8 13. Bg5 Rc5 14. Kb1 Re8 15.
g4 hxg4 16. h5 Nxh5 17. f4 Nc4 18. Qd3 b5 19. e5 Qc8 20. Ndxb5 Bf5 21. Qe2 dxe5
22. Nd5 Nxb2 23. Nxe7+ Rxe7 24. Bxe7 Nxd1 25. Rxd1 Nxf4 26. Qf1 Rxc2 27. Bxf7+
Kh7 0-1

[Event "13th EICC"]
[Site "Plovdiv BUL"]
[Date "2012.03.27"]
[Round "7.140"]
[White "Kumic, Filip"]
[Black "Galopoulos, Nikolaos"]
[Result "0-1"]
[WhiteElo "2247"]
[BlackElo "2430"]
[WhiteFideId "931373"]
[BlackFideId "4208951"]
[EventDate "2012.03.20"]
[EventType "swiss"]

1. d4 Nf6 2. c4 c5 3. d5 b5 4. cxb5 a6 5. bxa6 g6 6. Nc3 Bxa6 7. Nf3 d6 8. e4
Bxf1 9. Kxf1 Bg7 10. h3 O-O 11. Kg1 Nbd7 12. Kh2 Qa5 13. Re1 Rfb8 14. Re2 Rb7
15. Rc2 Rab8 16. Rb1 Ne8 17. Bd2 Qa6 18. b3 Rb4 19. Qe2 Qxe2 20. Nxe2 Rxe4 21.
Ng3 Be5 22. Bc3 Bf4 23. Ng5 Ra4 24. Re1 Ra7 25. Nf3 Ndf6 26. Rd1 Rba8 27. a4 Rb8
28. Bxf6 Nxf6 29. Rd3 Rab7 30. Rcc3 Ne4 31. Rc4 f5 32. a5 Nxf2 0-1

[Event "13th EICC"]
[Site "Plovdiv BUL"]
[Date "2012.03.27"]
[Round "7.141"]
[White "Pantic, Ivica"]
[Black "Manea, Alexandru"]
[Result "1-0"]
[BlackTitle "IM"]
[WhiteElo "2242"]
[BlackElo "2381"]
[WhiteFideId "929395"]
[BlackFideId "1207660"]
[EventDate "2012.03.20"]
[EventType "swiss"]

1. Nf3 c5 2. c4 Nc6 3. Nc3 g6 4. e3 Bg7 5. d4 Nf6 6. d5 Na5 7. d6 O-O 8. Be2 b6
9. O-O Ba6 10. b3 exd6 11. Bb2 d5 12. cxd5 Bxe2 13. Qxe2 d6 14. Rad1 Re8 15.
Rfe1 a6 16. e4 b5 17. Qc2 Nd7 18. Nb1 f6 19. Nh4 Rc8 20. f4 b4 21. Nd2 c4 22.
bxc4 Nb6 23. c5 Rxc5 24. Qd3 Qd7 25. Nb3 Nxb3 26. axb3 Qb5 27. Qxb5 Rxb5 28. Ra1
f5 29. Bxg7 Kxg7 30. exf5 Rxe1+ 31. Rxe1 Nxd5 32. fxg6 hxg6 33. f5 g5 34. Nf3
Nf6 35. Nxg5 Rxf5 36. Ne6+ Kg8 37. Nd4 Ra5 38. h3 Kf7 39. g4 Rd5 40. Nf5 a5 41.
Re7+ Kf8 42. Re6 Ne8 43. Kf2 Kf7 44. Re7+ Kf8 45. Ra7 Rc5 46. Nd4 Kg8 47. h4 Nf6
48. g5 Ne4+ 49. Ke3 Re5 50. Kf4 Nc5 51. Nc6 Re4+ 52. Kf5 Re8 53. Ne7+ Kf8 54.
Ng6+ Kg8 55. h5 1-0

[Event "13th EICC"]
[Site "Plovdiv BUL"]
[Date "2012.03.27"]
[Round "7.142"]
[White "Nestorovic, Lazar"]
[Black "Yakimenko, Alexander A."]
[Result "1-0"]
[WhiteTitle "IM"]
[WhiteElo "2374"]
[BlackElo "2223"]
[WhiteFideId "937517"]
[BlackFideId "24141917"]
[EventDate "2012.03.20"]
[EventType "swiss"]

1. e4 e6 2. d3 d5 3. Nd2 Nf6 4. Ngf3 Be7 5. g3 c5 6. Bg2 Nc6 7. O-O O-O 8. Re1
Qc7 9. Nf1 dxe4 10. dxe4 Rd8 11. Bd2 Bd7 12. e5 Nd5 13. c3 Be8 14. h4 h6 15.
N1h2 Bf8 16. Ng4 Nce7 17. Qe2 Nf5 18. Bc1 b5 19. Nd2 Rab8 20. h5 b4 21. Ne4 bxc3
22. bxc3 c4 23. Qf3 Bc6 24. Bf1 Ba8 25. Bg2 Nde7 26. Bf4 Rd3 27. Qe2 Nd5 28. Bd2
Rb2 29. Rec1 Nf4 30. gxf4 Bxe4 31. Bxe4 Rdxd2 32. Qf3 Bc5 33. Rf1 Qb6 34. Rab1
a5 35. Rxb2 Rxb2 36. Rd1 Qb8 37. Rd7 a4 38. Bxf5 exf5 39. Qd5 Bf8 40. Qxf7+ Kh8
41. Nxh6 1-0

[Event "13th EICC"]
[Site "Plovdiv BUL"]
[Date "2012.03.27"]
[Round "7.144"]
[White "Nenezic, Marko"]
[Black "Mindlin, Alon"]
[Result "1-0"]
[WhiteElo "2370"]
[BlackElo "2186"]
[WhiteFideId "912123"]
[BlackFideId "2800071"]
[EventDate "2012.03.20"]
[EventType "swiss"]

1. d4 Nf6 2. c4 e6 3. g3 d5 4. Nf3 c5 5. cxd5 exd5 6. Bg2 Nc6 7. O-O Be7 8. Nc3
O-O 9. dxc5 Bxc5 10. Na4 Be7 11. Be3 Bg4 12. Rc1 Re8 13. h3 Bf5 14. Nc5 Bxc5 15.
Bxc5 Qd7 16. Kh2 Rac8 17. Be3 Be4 18. Qa4 h6 19. Rfd1 a6 20. a3 Ra8 21. b4 g5
22. Nd4 Bxg2 23. Kxg2 b5 24. Qc2 Nxd4 25. Rxd4 Rac8 26. Qd1 Rc4 27. Rb1 Qc6 28.
Rb3 Re4 29. Kg1 Kg7 30. Rbd3 Kg6 31. Rxe4 Rxe4 32. Bd4 Qe6 33. Rd2 g4 34. hxg4
Nxg4 35. Kg2 Qf5 36. e3 Kh7 37. Qf3 Qe6 38. Rc2 Ne5 39. Qh5 Nc4 40. Rc1 Rg4 41.
Rh1 f5 42. f3 Rg6 43. Kf2 Nxa3 44. Rc1 Nc4 45. Qh4 Qd6 46. Bc3 Re6 47. Qd4 Qe5
48. Qxe5 Nxe5 49. Bxe5 Rxe5 50. Rc7+ Kg6 51. Rc6+ Kf7 52. Rxh6 Re6 53. Rxe6 Kxe6
54. Ke2 Kf6 55. Kd3 Ke5 56. g4 1-0

[Event "13th EICC"]
[Site "Plovdiv BUL"]
[Date "2012.03.27"]
[Round "7.145"]
[White "Hristodorescu, Daniel"]
[Black "Balla, Tamas-Kristof"]
[Result "1-0"]
[WhiteTitle "FM"]
[BlackTitle "FM"]
[WhiteElo "2212"]
[BlackElo "2369"]
[WhiteFideId "1203100"]
[BlackFideId "1208497"]
[EventDate "2012.03.20"]
[EventType "swiss"]

1. d4 c5 2. dxc5 e6 3. Be3 Na6 4. Nc3 Nxc5 5. Bxc5 Bxc5 6. Ne4 Nf6 7. Nxc5 Qa5+
8. c3 Qxc5 9. Nf3 b6 10. e3 Bb7 11. Be2 e5 12. O-O O-O 13. Qa4 Rfe8 14. a3 d5
15. Rfd1 Bc6 16. Qh4 Ne4 17. Nd2 f5 18. b4 Qf8 19. Nxe4 dxe4 20. Bc4+ Kh8 21.
Bb3 Rad8 22. Rxd8 Rxd8 23. h3 g6 24. g4 Rd3 25. gxf5 gxf5 26. Kh2 Bd5 27. Bxd5
Rxd5 28. c4 Rd7 29. c5 bxc5 30. bxc5 Qe7 31. Qh6 Rd2 32. Rb1 Rxf2+ 33. Kg1 Rd2
34. Rb7 1-0

[Event "13th EICC"]
[Site "Plovdiv BUL"]
[Date "2012.03.27"]
[Round "7.146"]
[White "Hristodoulou, Panagiotis"]
[Black "Pavlidis, Anastasios"]
[Result "1-0"]
[BlackTitle "FM"]
[WhiteElo "2203"]
[BlackElo "2363"]
[WhiteFideId "4214340"]
[BlackFideId "4208404"]
[EventDate "2012.03.20"]
[EventType "swiss"]

1. e4 c5 2. Nf3 d6 3. d4 cxd4 4. Nxd4 Nf6 5. Nc3 g6 6. Be3 Bg7 7. f3 Nc6 8. Qd2
O-O 9. O-O-O d5 10. exd5 Nxd5 11. Nxc6 bxc6 12. Bd4 Bxd4 13. Qxd4 Qb6 14. Na4
Qc7 15. Bc4 Rd8 16. Bb3 Be6 17. Nc5 Nf4 18. Nxe6 Nxe6 19. Qe3 Nf4 20. g3 Nd5 21.
Qe4 e6 22. Rhe1 Rab8 23. f4 Qa5 24. a3 Qb6 25. Qe5 c5 26. h4 Ne7 27. h5 Rxd1+
28. Rxd1 gxh5 29. Rd6 Qb7 30. Rxe6 Ng6 31. Qf6 Qd7 32. Re1 Rb6 33. Qg5 Qg4 34.
Qxc5 Qxg3 35. Re8+ Kg7 36. f5 Qg5+ 37. Kb1 Rf6 38. Qxa7 Qxf5 39. Qd4 h4 40. Bd5
h3 41. Re1 Qf2 42. Qxf2 Rxf2 43. a4 h2 44. Bb7 Rf5 45. b4 Ne5 46. Kb2 Nc4+ 47.
Kc3 Nd6 48. Bc6 Rf4 49. Kb3 f5 50. a5 Ne4 51. a6 Nd2+ 52. Ka4 Nc4 53. a7 Rf2 54.
Kb5 Nd6+ 55. Kc5 1-0

[Event "13th EICC"]
[Site "Plovdiv BUL"]
[Date "2012.03.27"]
[Round "7.148"]
[White "Schiendorfer, Emanuel"]
[Black "Ilic, Slobodan S"]
[Result "1-0"]
[WhiteTitle "FM"]
[WhiteElo "2349"]
[BlackElo "2160"]
[WhiteFideId "1309889"]
[BlackFideId "912883"]
[EventDate "2012.03.20"]
[EventType "swiss"]

1. d4 Nf6 2. c4 e6 3. Nf3 d5 4. Nc3 Be7 5. Bg5 O-O 6. e3 h6 7. Bh4 b6 8. g4 Bb7
9. Bxf6 Bxf6 10. cxd5 exd5 11. h4 g6 12. g5 hxg5 13. hxg5 Bg7 14. Bd3 Nc6 15.
Qb3 Ne7 16. O-O-O a5 17. Rh4 Ba6 18. Bxa6 Rxa6 19. Rdh1 c5 20. Qb5 Qc8 21. Qf1
cxd4 22. exd4 b5 23. Qg2 b4 24. Rh8+ Bxh8 25. Qh2 1-0

[Event "13th EICC"]
[Site "Plovdiv BUL"]
[Date "2012.03.27"]
[Round "7.153"]
[White "Todorov, Yavor"]
[Black "Cabarkapa, Novak"]
[Result "1-0"]
[BlackTitle "FM"]
[WhiteElo "2029"]
[BlackElo "2314"]
[WhiteFideId "2911540"]
[BlackFideId "943746"]
[EventDate "2012.03.20"]
[EventType "swiss"]

1. d4 Nf6 2. c4 g6 3. Nc3 Bg7 4. e4 d6 5. f4 O-O 6. Nf3 c5 7. d5 a6 8. Bd3 b5 9.
O-O e6 10. dxe6 Bxe6 11. cxb5 axb5 12. Bxb5 Qb6 13. a4 Ng4 14. Kh1 c4 15. Qe2
Bxc3 16. bxc3 d5 17. Nd4 dxe4 18. f5 gxf5 19. Nxf5 Nf6 20. Be3 1-0

[Event "13th EICC"]
[Site "Plovdiv BUL"]
[Date "2012.03.27"]
[Round "7.154"]
[White "Ivanov, Stojan Lubomirov"]
[Black "Ljangov, Petar"]
[Result "1-0"]
[WhiteElo "2309"]
[BlackElo "2089"]
[WhiteFideId "2908980"]
[BlackFideId "2901277"]
[EventDate "2012.03.20"]
[EventType "swiss"]

1. e4 c5 2. Nf3 d6 3. d4 cxd4 4. Nxd4 Nf6 5. Nc3 e6 6. Bc4 Nbd7 7. O-O Nc5 8.
Re1 Be7 9. b4 Na6 10. a3 Nc7 11. Bb3 O-O 12. Qf3 Bd7 13. Bb2 Rc8 14. Rad1 Qe8
15. e5 dxe5 16. Rxe5 Bc6 17. Qg3 Rd8 18. Rg5 g6 19. Qxc7 h6 20. Nxc6 bxc6 21.
Rg3 Ne4 22. Rxd8 Bxd8 23. Nxe4 Bxc7 24. Nf6+ Kh8 25. Nxe8+ 1-0

[Event "13th EICC"]
[Site "Plovdiv BUL"]
[Date "2012.03.27"]
[Round "7.156"]
[White "Grandadam, Nicolas"]
[Black "Makka, Ioulia"]
[Result "1-0"]
[WhiteTitle "FM"]
[BlackTitle "WIM"]
[WhiteElo "2361"]
[BlackElo "2152"]
[WhiteFideId "681806"]
[BlackFideId "4205316"]
[EventDate "2012.03.20"]
[EventType "swiss"]

1. Nf3 Nf6 2. c4 e6 3. d4 b6 4. g3 Ba6 5. Qc2 Bb7 6. Bg2 c5 7. d5 exd5 8. cxd5
Nxd5 9. O-O Be7 10. Ne5 Bf6 11. Nxf7 Kxf7 12. Qc4 Kf8 13. Bxd5 Bxd5 14. Qxd5 Nc6
15. Rd1 Nd4 16. Nc3 Qe8 17. Bf4 Rc8 18. Bd6+ Be7 19. e3 Ne6 20. Nb5 a6 21. Bxe7+
Qxe7 22. Nd6 Rc7 23. Qa8+ Qd8 24. Qxa6 Rc8 25. Qb7 g6 26. Nf7 Qe8 27. Nxh8 Nd8
28. Qxd7 1-0

[Event "13th EICC"]
[Site "Plovdiv BUL"]
[Date "2012.03.27"]
[Round "7.159"]
[White "Bach, Adrian-Kalman"]
[Black "Henseler, Jorgen"]
[Result "1-0"]
[WhiteTitle "FM"]
[WhiteElo "2264"]
[BlackElo "2071"]
[WhiteFideId "1201107"]
[BlackFideId "1023233"]
[EventDate "2012.03.20"]
[EventType "swiss"]

1. e4 c5 2. Nf3 Nc6 3. d4 cxd4 4. Nxd4 Nf6 5. Nc3 e5 6. Ndb5 d6 7. Bg5 a6 8. Na3
b5 9. Nd5 Be7 10. Bxf6 Bxf6 11. c4 bxc4 12. Nxc4 O-O 13. Be2 Nd4 14. O-O Be6 15.
Rc1 Bxd5 16. exd5 Be7 17. Rc3 f5 18. Re1 Bf6 19. Bf1 e4 20. Rh3 Ra7 21. Qa4 Be5
22. Rd1 f4 23. Re1 f3 24. g3 Qg5 25. Qd1 Rf4 26. Kh1 Rg4 27. Ne3 Bf6 28. Qc1 Ra8
29. Bxa6 h5 30. Bc8 Qg6 31. Qc7 Rg5 32. Qb7 Rxa2 33. Bd7 Re5 34. Qb8+ Kh7 35.
Qxd6 Nf5 36. Qxe5 Bxe5 37. Bxf5 Qxf5 38. Nxf5 g6 39. Ne3 Bf6 40. Rh4 Bxh4 1-0

[Event "13th EICC"]
[Site "Plovdiv BUL"]
[Date "2012.03.27"]
[Round "7.163"]
[White "Cherednichenko, Elena"]
[Black "Safronov, Kirill"]
[Result "1/2-1/2"]
[WhiteTitle "WFM"]
[WhiteElo "2130"]
[BlackElo "2017"]
[WhiteFideId "14105560"]
[BlackFideId "24141976"]
[EventDate "2012.03.20"]
[EventType "swiss"]

1. d4 d5 2. Nf3 Nf6 3. e3 e6 4. Bd3 Nbd7 5. b3 Bd6 6. Bb2 O-O 7. Nbd2 b6 8. Ne5
Bb7 9. O-O Ne4 10. f4 f6 11. Nxd7 Qxd7 12. Nf3 Rac8 13. Nh4 c5 14. Bxe4 dxe4 15.
f5 Qc7 16. fxe6 Bxh2+ 17. Kh1 cxd4 18. Bxd4 Rce8 19. Qg4 Be5 20. Nf5 Kh8 21.
Bxe5 fxe5 22. e7 Rg8 23. Rad1 Bc8 24. Qxe4 Bxf5 25. Rxf5 Qxe7 26. Rd5 Qa3 27.
Rh5 h6 28. Kh2 Re6 29. Rhxe5 Rxe5 30. Qxe5 Qxa2 31. Rd6 Kh7 32. Qe4+ Kh8 33. Qd4
Kh7 34. Qd3+ Kh8 35. Qc3 Kh7 36. Rd4 Qa6 37. Rc4 Qb5 38. Qd3+ Kh8 39. g3 Qh5+
40. Rh4 Qg5 41. Rd4 Qh5+ 42. Kg2 Rf8 43. Rd8 Qf3+ 44. Kh2 Rxd8 45. Qxd8+ Kh7 46.
Qd3+ Kh8 47. b4 Qh5+ 48. Kg2 Qe5 49. c3 Qe7 50. Qd4 Qb7+ 51. Kf2 Qf7+ 52. Ke2 b5
53. Qd8+ Kh7 54. Qd3+ Qg6 55. e4 Qh5+ 56. Ke3 Qe5 57. Kf2 a6 58. Kf3 Kg6 59. Kf2 1/2-1/2